000 00287nam a22000977a 4500
999 _c515763
_d515763
082 _aTNC A99 M896
100 _aMukerji, Bithika
_921585
245 _aLife and Teachings of Sri Ma Anandamayi :
_bA bird on the wing
_cby Bithika Mukerji
260 _aDelhi
_bSri satguru
_c1997
300 _a347p.